[Event "Portugal Open 2019"]
[Site "Lisbon"]
[Date "2019.02.04"]
[Round "4.18"]
[White "Ilic, Zoran S"]
[Black "Low, Zhen Yu Cyrus"]
[Result "0-1"]
[WhiteElo "2302"]
[BlackElo "2377"]
[Annotator "TA"]
[PlyCount "78"]
[EventDate "2019.01.25"]
[EventType "swiss"]
[EventCountry "POR"]
[SourceTitle "playchess.com"]
[Source "ChessBase"]
[SourceQuality "1"]

{[%evp 22,78,5,-9,16,-10,-9,-12,-16,-15,-7,-104,-102,-91,-77,-177,-187,-179,-179,-172,-187,-189,-174,-183,-189,-179,-168,-205,-196,-206,-196,-233,-239,-300,-312,-328,-316,-321,-308,-373,-355,-444,-441,-441,-439,-438,-438,-431,-429,-488,-433,-562,-563,-556,-555,-550,-543,-533,-522]} 1. d4 $146 (1. g3 d5 2. Nf3 g6 3. Bg2 Bg7 4. O-O Nf6 5. c4 O-O 6. cxd5 Nxd5 7. d4 {1-0 (75) Grischuk,A (2752)-Nepomniachtchi,I (2730) Apatity 2011}) ({Predecessor:} 1. Nf3 Nf6 {0-1 (49) Muneret,M (2495)-Robson,N (2540) ICCF email 2011}) 1... Nf6 2. Nf3 g6 3. c4 Bg7 4. g3 d5 5. cxd5 Nxd5 6. Bg2 Nb6 7. O-O ({Predecessor:} 7. Nc3 Nc6 8. e3 O-O {0-1 (49) Muneret,M (2495)-Robson,N (2540) ICCF email 2011}) 7... O-O 8. Nc3 Nc6 9. e3 Re8 10. d5 Na5 11. Nd4 Bd7 12. e4 c6 {D76: Fianchetto Grünfeld: Main Line with 7...Nb6} 13. Re1 cxd5 (13... Rc8 14. Bf4 cxd5 15. exd5 Nac4 16. b3 Nb2 17. Qd2 N2c4 18. bxc4 Nxc4 19. Qd3 Nb2 20. Qe3 {1-0 (75) Grischuk,A (2752)-Nepomniachtchi,I (2730) Apatity 2011}) 14. exd5 Qc8 {The position is equal.} 15. Bf4 Bg4 16. Qd3 {[#]} (16. f3 $11 Nac4 17. Nce2 (17. fxg4 Nxb2 {[%mdl 64] Discovered Attack} 18. Qd2 N6c4 $15)) ({Predecessor:} 16. Nde2 Nac4 17. Qb3 e5 18. Bg5 h6 19. Be3 Nxe3 20. fxe3 {0-1 (49) Muneret,M (2495)-Robson,N (2540) ICCF email 2011}) 16... Qc4 $1 $17 {[%cal Rc4d3]} 17. Qxc4 Naxc4 {[%cal Ba5c4,Bc4b2,Bb2d3][%mdl 32]} 18. Nf3 (18. Ndb5 $17) 18... Bxf3 $19 19. Bxf3 Nxb2 20. Nb5 Nd3 $36 {[%mdl 2048] Black is on the roll.} 21. Nc7 Bxa1 ({And not} 21... Nxe1 22. Rxe1 Bc3 23. Re2 $11) 22. Rxa1 Nxf4 23. gxf4 Nc4 24. Nxa8 Rxa8 {[%mdl 4096] Endgame KRB-KRN} 25. Rc1 Nd6 26. Rc7 Kf8 27. Bg4 f5 28. Bd1 Rc8 29. Rxc8+ Nxc8 {KB-KN} 30. Kf1 Ke8 31. Ke2 Kd7 {Black is clearly winning.} 32. Ke3 Kd6 33. Kd4 Nb6 34. Bf3 Nd7 35. h3 Nf6 36. Bg2 Nh5 37. Ke3 b6 38. Bf3 Kc5 39. Bg2 Nf6 {Accuracy: White = 29%, Black = 92%.} 0-1

[Event "Portugal Open 2019"]
[Site "Lisbon"]
[Date "2019.02.04"]
[Round "4.19"]
[White "Christiansen, Johan-Sebastian"]
[Black "Li, Xueyi"]
[Result "1-0"]
[WhiteElo "2559"]
[BlackElo "2217"]
[Annotator "TA"]
[PlyCount "47"]
[EventDate "2019.01.25"]
[EventType "swiss"]
[EventCountry "POR"]
[SourceTitle "playchess.com"]
[Source "ChessBase"]
[SourceQuality "1"]

{[%evp 11,47,-10,21,-6,58,56,77,77,79,76,131,127,129,121,141,139,129,115,111,124,109,112,270,254,379,381,529,424,410,414,400,376,1073,1069,1053,1043,1232,1207]} 1. e4 c6 2. d4 d5 3. e5 Bf5 4. Nc3 e6 5. g4 Bg6 6. Nge2 f6 7. exf6 $146 {B12: Caro-Kann: Advance Variation} (7. h4 Nd7 8. f4 Bf7 9. Qd3 Nh6 10. g5 Nf5 11. Bh3 Nxh4 12. Bxe6 Bxe6 13. Rxh4 f5 14. Qh3 h6 15. Qh1 Qb6 16. gxh6 gxh6 {1-0 (30) Najer,E (2640)-Matlakov,M (2632) Sochi 2012}) ({Predecessor:} 7. Nf4 Bf7 8. exf6 {½-½ (29) Obrdlik,R-Ebr,V corr 1982}) 7... Nxf6 (7... gxf6 $11 8. h4 Nd7) 8. Nf4 $14 Bf7 9. Qe2 {White is better.} Qe7 10. Bd2 Nbd7 (10... h6 $142) 11. g5 $16 Ne4 ({Predecessor:} 11... Ng8 12. Bh3 O-O-O 13. Nxe6 Bxe6 14. Bxe6 Re8 15. Bxd7+ Qxd7 {½-½ (29) Obrdlik,R-Ebr,V corr 1982}) 12. Nxe4 dxe4 13. Qxe4 e5 14. dxe5 Qxe5 15. Qxe5+ Nxe5 16. O-O-O {[#] Hoping for Re1.} Nf3 $2 (16... Be7 $16 {was worth a try.}) 17. Bc3 $18 Bc5 (17... Rd8 $142 18. Bg2 Rxd1+ 19. Rxd1 Nh4) 18. Bg2 Nxg5 {If Black can now play ...0-0 this consolidates a bit.} 19. h4 Ne6 20. Rhe1 Bxf2 21. Re2 ({Much less strong is} 21. Nxe6 Bxe1 22. Nc7+ (22. Nxg7+ Kf8 $18) 22... Kf8 $18) 21... Bxh4 $2 {[#]} (21... O-O 22. Rxf2 Bh5) 22. Nxe6 {White is clearly winning.} Bxe6 23. Rxe6+ Kf7 24. Rd7+ {[%mdl 64] Double Attack. Accuracy: White = 82%, Black = 21%.} 1-0

[Event "Portugal Open 2019"]
[Site "Lisbon"]
[Date "2019.02.04"]
[Round "4.20"]
[White "Santos, Jose Guilherme B Li"]
[Black "Annaberdiev, Meilis"]
[Result "0-1"]
[WhiteElo "2191"]
[BlackElo "2522"]
[Annotator "TA"]
[PlyCount "57"]
[EventDate "2019.01.25"]
[EventType "swiss"]
[EventCountry "POR"]
[SourceTitle "playchess.com"]
[Source "ChessBase"]
[SourceQuality "1"]

{[%evp 11,57,8,10,20,16,-14,-7,-19,-14,-35,-33,-32,-35,-31,-23,-35,-2,-24,-28,-24,-22,-39,-23,-22,-18,-43,-7,-8,-8,-35,-18,-20,-8,0,0,0,0,-12,0,-67,-57,-489,-468,-654,-656,-647,-644,-642]} 1. e4 c5 2. Nf3 e6 3. g3 Nc6 4. Bg2 Nf6 5. Nc3 d5 6. exd5 exd5 7. d4 {B40: Sicilian: 2...e6, Unusual lines} Bg4 8. Ne2 (8. Be3 cxd4 9. Bxd4 Qe7+ 10. Kf1 O-O-O 11. h3 Bh5 12. Nb5 Qb4 13. a4 a6 14. Na7+ Nxa7 15. Bxa7 Qxb2 {½-½ (47) Landa,K (2597)-Van Foreest,J (2601) Vlissingen 2016}) 8... cxd4 9. Nexd4 {The position is equal.} Bc5 {[#] ...Bxd4 is the strong threat.} 10. Nxc6 (10. Nb3 {with more complications.} Bb6 11. O-O O-O 12. c3 Re8 13. h3) 10... bxc6 11. O-O O-O 12. c3 $146 ({Predecessor:} 12. h3 Bd7 13. Ne5 Re8 14. Bf4 Qb6 15. Nxd7 Nxd7 {½-½ (44) Socko,M (2461)-Wozniak,M (2154) Poznan 2016}) 12... Re8 13. Qa4 Qc8 14. Nd4 Bd7 15. Bg5 Ne4 16. Be3 Bb6 {[#] Threatens to win with ...c5.} 17. Qd1 c5 18. Nb3 Bc6 19. Re1 Bb7 20. Qh5 a5 {[%cal Ba7a5,Ba5a4,Ba4a3][%mdl 32]} 21. Rad1 Nf6 22. Qh4 a4 23. Nd2 a3 24. b3 Ba5 25. Rc1 (25. b4 $11 d4 26. Bxb7 Qxb7 27. Bh6 dxc3 28. Qg5) 25... d4 $36 {[%mdl 2048] Black has some pressure.} 26. Nc4 $2 {[%mdl 8192]} ({White has to play} 26. Bh6 $1 $15 Bxg2 27. Bxg7) 26... Bxg2 $19 {Black is clearly winning.} ({Not} 26... dxe3 27. Rxe3 Rxe3 28. Bxb7 $19) 27. Nd6 Qc6 28. Nxe8 Rxe8 29. Bg5 {Accuracy: White = 51%, Black = 56%.} 0-1

[Event "Portugal Open 2019"]
[Site "Lisbon"]
[Date "2019.02.04"]
[Round "4.21"]
[White "Maisuradze, Nino"]
[Black "Srinath, Rao S.V."]
[Result "1-0"]
[WhiteElo "2186"]
[BlackElo "2437"]
[Annotator "TA"]
[PlyCount "112"]
[EventDate "2019.01.25"]
[EventType "swiss"]
[EventCountry "POR"]
[SourceTitle "playchess.com"]
[Source "ChessBase"]
[SourceQuality "1"]

{[%evp 15,112,21,22,15,15,24,17,15,20,23,29,33,24,25,19,27,21,17,31,0,0,0,0,0,0,-12,-16,-18,-7,-12,0,-44,-51,-32,-33,-97,-81,-120,-78,-134,-120,-116,-85,-81,0,0,0,0,49,32,109,110,102,108,92,62,70,66,61,19,130,116,112,134,316,308,608,603,868,863,866,864,860,857,830,813,786,600,999,531,1062,499,493,493,458,385,592,543,1015,981,2067,2067,1819,1405,5065,5065,1893,1893,29983]} 1. d4 Nf6 2. Nf3 g6 3. Bf4 Bg7 4. e3 d6 $146 (4... O-O 5. Be2 c5 6. c3 d6 7. O-O b6 8. a4 Nbd7 {1-0 (56) Ivanchuk,V (2713)-Wagner,D (2566) Batumi 2018}) ({Predecessor:} 4... O-O 5. Be2 {½-½ (25) Burmakin,V (2535)-Liang,A (2495) Sitges 2016}) 5. Be2 O-O 6. h3 ({Predecessor:} 6. O-O Nbd7 7. h3 c5 {½-½ (25) Burmakin,V (2535)-Liang,A (2495) Sitges 2016}) 6... c5 7. c3 Nbd7 8. O-O b6 9. a4 {A48: 1 d4 Nf6 2 Nf3 g6: Torre, London and Colle Systems} a6 10. Qb3 (10. Bh2 Bb7 11. Nbd2 Ra7 12. Qb1 Qa8 13. Bd3 cxd4 14. cxd4 Nd5 15. Rc1 Nb4 16. Bf1 Nf6 17. Ra3 Bd5 18. Bc4 Bc6 19. Bf1 Bd5 {1-0 (56) Ivanchuk,V (2713)-Wagner,D (2566) Batumi 2018}) 10... Bb7 11. Rd1 {The position is equal.} cxd4 12. cxd4 Nd5 ({Predecessor:} 12... Bd5 13. Qa3 b5 14. Nbd2 bxa4 15. Qxa4 Qb6 16. Bc4 Ra7 {½-½ (25) Burmakin,V (2535)-Liang,A (2495) Sitges 2016}) 13. Bg3 N7f6 14. Nfd2 a5 15. Nc3 Nb4 16. Rac1 Rc8 17. Na2 Nxa2 18. Qxa2 Nd5 19. Qb3 Nb4 20. Nb1 Bd5 21. Bc4 Rxc4 22. Rxc4 Qa8 23. Nc3 Bxg2 24. Kh2 Qb7 {[%mdl 1024] Black has compensation.} 25. Qa3 (25. Re1 $15) 25... h5 {aiming for ...h4!} 26. h4 Bc6 27. Nb1 ({White should try} 27. d5 Bxd5 28. Nxd5 Nxd5 29. e4) 27... Qa6 28. Rdc1 Bd5 29. Rc7 Nd3 (29... Bf6 $17) 30. Nc3 $1 $11 {[%cal Rc3d5]} Be6 31. Rg1 Nb4 (31... Qa8 $5 {[%cal Ra8f3]}) 32. Nb5 Nd5 {[#]} (32... Qa8 $1 $14) 33. Ra7 $1 $16 {[%cal Ra7a6]} Qc8 {Black wants to play ...Qc2.} 34. e4 Nf6 35. Rc7 {[%cal Ba7c7,Bc7c2,Bc2e2][%mdl 32]} (35. Rxe7 $6 Nxe4 36. Rc7 (36. Nxd6 Qc2 $15) 36... Qd8 $11) 35... Qd8 36. f3 Ne8 37. Rc2 f5 {[#]} (37... d5 $11) 38. e5 $1 $36 {[%mdl 2048] White is on the roll.} f4 39. Bf2 dxe5 $2 (39... Bf5 $16 40. Rc6 Bd7) 40. dxe5 $18 ({Not} 40. Rxg6 Bf5 $16) 40... Bxe5 $2 (40... Bf7 41. Bd4 Qd7) 41. Re2 Rf5 {and if ...Bf7 works, Black does fine.} 42. Rxg6+ Kf7 {[#]} 43. Rxe6 $1 {[%mdl 576] Decoy} Kxe6 44. Nd4+ Kf6 45. Nxf5 Kxf5 46. Qb3 Qd6 47. Qxb6 Qd5 48. Qb5 (48. Qh6 $142 Nf6 49. Qg5+ Ke6 50. Bb6 (50. Qxf4 Ne4 $16)) 48... Nc7 49. Qxd5 Nxd5 {[%mdl 4096] Endgame KRB-KBN} 50. Rc2 e6 (50... Nb4 $142) 51. Rc5 {White is clearly winning.} Bxb2 52. Rxa5 Bc3 53. Rc5 Ke5 54. a5 {[%cal Ba4a5,Ba5a6][%mdl 32]} Kd6 55. a6 Be1 {[#]} 56. Rxd5+ $1 {[%mdl 576] Promotion} Kxd5 {Accuracy: White = 67%, Black = 35%.} 1-0

[Event "Portugal Open 2019"]
[Site "Lisbon"]
[Date "2019.02.04"]
[Round "4.22"]
[White "Kubicka, Anna"]
[Black "Thorhallsson, Throstur"]
[Result "0-1"]
[WhiteElo "2186"]
[BlackElo "2425"]
[Annotator "TA"]
[PlyCount "54"]
[EventDate "2019.01.25"]
[EventType "swiss"]
[EventCountry "POR"]
[SourceTitle "playchess.com"]
[Source "ChessBase"]
[SourceQuality "1"]

{[%evp 12,54,32,31,28,14,37,33,32,9,37,34,43,44,43,0,0,0,104,28,60,9,23,0,58,-52,-79,-185,-141,-146,-148,-132,-132,-231,-231,-649,-631,-1256,-1221,-2024,-2368,-29997,-29998,-29998,-29999]} 1. e4 c5 2. Nf3 d6 3. d4 cxd4 4. Nxd4 Nf6 5. Nc3 Bd7 6. Bg5 e6 7. Qd2 a6 {B56: Classical Sicilian: Unusual Lines} (7... h6 8. Bxf6 Qxf6 9. Ndb5 Bxb5 10. Bxb5+ Nc6 11. O-O-O a6 12. Bxc6+ bxc6 13. f4 Qd8 14. g4 Qa5 15. h4 {½-½ (42) Leko,P (2714)-Li,C (2748) Szeged 2015}) 8. O-O-O b5 9. Bxf6 $146 ({Predecessor:} 9. f3 Be7 10. Be3 b4 11. Nce2 e5 12. Nf5 Bxf5 13. exf5 d5 14. f4 Nc6 15. fxe5 Nxe5 16. Nf4 Qa5 17. Kb1 O-O 18. Nxd5 Nxd5 19. Qxd5 Rad8 20. Qxa5 Rxd1+ 21. Bc1 Bg5 22. a4 {0-1 (22) Svetushkin,D (2547)-Miton,K (2608) Guingamp 2010}) 9... Qxf6 {White is slightly better.} 10. Kb1 Qd8 11. f4 b4 12. Nce2 Qb6 13. f5 {fxe6 is the strong threat.} e5 $1 {[%cal Re5d4]} 14. Nf3 Be7 {[#]} (14... Bc6 $11 {remains equal.}) 15. g4 (15. Ng3 $1 $16) 15... Qf2 $11 16. Ng5 ({White should play} 16. Ne1 $1 $14) 16... O-O 17. h4 Bc6 ({Black should try} 17... a5 $11) 18. Qd3 ({Better is} 18. Nh3 $1 $14 Qxh4 19. Qe3) 18... Nd7 $1 $15 19. Qh3 (19. Nh3 $17 {was necessary.} Qxh4 20. Qf3) 19... Nf6 20. Rh2 Qc5 21. Ng3 a5 {[%cal Ba6a5,Ba5a4,Ba4a3][%mdl 32]} 22. Bd3 {[#]} (22. Nxh7 $17 {was worth a try.} Nxh7 23. g5) 22... a4 $1 $19 23. Nf3 $2 (23. Nxf7 Rxf7 24. g5) 23... a3 {Hoping for ...axb2.} 24. g5 axb2 25. Nd2 {[#]} Rxa2 $1 {[%mdl 512] ( -> ...Ra1+)} 26. Bc4 (26. Kxa2 Ra8+) 26... Ra1+ 27. Kxb2 Qd4+ {[%mdl 64] Double Attack. Accuracy: White = 12%, Black = 58%.} 0-1

[Event "Portugal Open 2019"]
[Site "Lisbon"]
[Date "2019.02.04"]
[Round "4.23"]
[White "Borges, Guilherme Deola"]
[Black "Haug, Johannes"]
[Result "1/2-1/2"]
[WhiteElo "2181"]
[BlackElo "2403"]
[Annotator "TA"]
[PlyCount "66"]
[EventDate "2019.01.25"]
[EventType "swiss"]
[EventCountry "POR"]
[SourceTitle "playchess.com"]
[Source "ChessBase"]
[SourceQuality "1"]

{[%evp 13,66,-22,30,18,47,31,76,44,66,63,60,58,66,62,53,57,60,41,55,55,50,43,50,40,44,52,78,45,99,104,101,82,87,69,69,69,69,69,69,69,69,0,0,0,0,7,0,0,0,0,0,0,0,0,0]} 1. d4 Nf6 2. c4 e6 3. Nc3 Bb4 4. a3 Bxc3+ 5. bxc3 O-O ({Predecessor:} 5... c5 6. f3 O-O 7. e4 d6 8. Bd3 {0-1 (37) Petersen,J (1700)-Skovgaard,T (2014) Copenhagen 2010}) 6. f3 d6 7. e4 e5 ({Better is} 7... c5) 8. Bd3 {E27: Nimzo-Indian: Sämisch: 5...0-0 6 f3} c5 $146 (8... Nh5 9. Qc2 Qh4+ 10. g3 Qf6 11. Qf2 Nc6 12. Ne2 Na5 13. Rb1 b6 14. h4 Ba6 15. g4 Nf4 16. Bxf4 exf4 {1-0 (30) Ipatov,A (2472)-Oleksienko,M (2585) Lvov 2008}) 9. d5 Ne8 10. Ne2 {White is better.} Qh4+ ({Predecessor:} 10... f5 11. exf5 Bxf5 12. O-O Nd7 13. Ng3 Bxd3 14. Qxd3 {0-1 (37) Petersen,J (1700)-Skovgaard,T (2014) Copenhagen 2010}) 11. Ng3 $1 f5 12. exf5 Bxf5 13. O-O Bxd3 14. Qxd3 Nd7 15. Bd2 Qf6 16. a4 Qg6 17. Qxg6 hxg6 18. a5 Nef6 19. Bg5 Kf7 20. Ra2 Ke8 (20... b6 $14) 21. Rb1 $16 Rb8 22. Rab2 b6 23. Ra2 (23. Nf1 {feels hotter.} Kf7 24. Nd2 Nh7 25. Be3 Nhf6 26. Re1) 23... bxa5 24. Rxb8+ Nxb8 25. Rxa5 a6 $1 26. Ra1 Kd7 27. Bxf6 (27. Kf2 $14) 27... gxf6 $14 {[%mdl 4096] Endgame KRN-KRN. The position is equal.} 28. Ne4 Kc7 29. h4 f5 30. Nd2 Kb6 31. Rb1+ Kc7 32. Ra1 Kb6 33. Rb1+ Kc7 {Accuracy: White = 69%, Black = 65%.} 1/2-1/2

[Event "Portugal Open 2019"]
[Site "Lisbon"]
[Date "2019.02.04"]
[Round "4.24"]
[White "Krishna Teja, N."]
[Black "Santos, Antonio P"]
[Result "1-0"]
[WhiteElo "2391"]
[BlackElo "2162"]
[Annotator "TA"]
[PlyCount "71"]
[EventDate "2019.01.25"]
[EventType "swiss"]
[EventCountry "POR"]
[SourceTitle "playchess.com"]
[Source "ChessBase"]
[SourceQuality "1"]

{[%evp 16,71,18,15,17,18,36,-12,44,22,20,0,43,40,89,97,85,85,135,124,189,187,176,156,175,179,188,192,182,145,160,146,163,162,194,201,635,631,630,640,599,588,689,693,673,674,1845,1745,29966,29966,2236,2852,2852,1546,1471,1555,948,890]} 1. Nf3 (1. d4 Nf6 2. Nf3 g6 3. c4 Bg7 4. Nc3 O-O 5. e4 {½-½ (42) Korobov,A (2678)-Kovalev,V (2650) Poikovsky 2018}) 1... Nf6 2. c4 g6 3. Nc3 Bg7 4. e4 d6 5. d4 O-O 6. Be2 e5 7. d5 a5 8. Bg5 h6 9. Be3 Ng4 {E92: King's Indian: Classical: 6 Be2 e5: 7 dxe5, 7 Be3 and Petrosian System without 7...Nbd7} 10. Bd2 f5 11. exf5 $146 (11. h3 Nf6 12. exf5 {½-½ (42) Korobov,A (2678)-Kovalev,V (2650) Poikovsky 2018}) ({Predecessor:} 11. h3 Nf6 12. exf5 {½-½ (45) Shchekachev,A (2544)-Bogdanov,E (2439) Orsay 2018}) 11... gxf5 (11... Bxf5 $11 12. O-O e4) 12. h3 Nf6 13. Qc1 (13. g3 Na6 14. Qc1 Kh7 15. Nh4 Nc5 16. Be3 Nfe4 17. Nxe4 Nxe4 {½-½ (42) Korobov,A (2678)-Kovalev,V (2650) Poikovsky 2018}) 13... Kh7 14. g4 $36 {[%mdl 2048] White has some pressure.} e4 {[#]} 15. Nd4 $1 Nxd5 16. Nxd5 Bxd4 17. Bxh6 Bxf2+ (17... Rg8 $16) 18. Kxf2 $18 Qh4+ 19. Kg2 Qxh6 20. Qxh6+ ({Don't do} 20. Nxc7 Qxc1 21. Raxc1 (21. Rhxc1 Ra7 $16) 21... Ra7 $16) 20... Kxh6 21. Nxc7 Ra7 22. gxf5 b6 23. Nb5 Rg7+ 24. Bg4 Bxf5 {[#]} 25. Raf1 $1 ({Much less strong is} 25. Nxd6 $6 Rg6 $16) 25... Rf6 $2 (25... Rgg8 26. Nxd6 Bg6 27. Rxf8 Rxf8) 26. Nd4 Bxg4 27. Rxf6+ Kg5 28. Rxd6 ({Not} 28. hxg4 Kxf6 29. Kg3 Nd7 $16) 28... Bf3+ 29. Nxf3+ Kf4+ 30. Kf2 {[%cal Rd6f6]} e3+ 31. Ke2 Rg2+ 32. Kd3 Kxf3 33. Rf6+ {White is clearly winning.} Kg3 34. Rg6+ Kf2 35. Rxg2+ Kxg2 36. Re1 {Accuracy: White = 58%, Black = 37%.} 1-0

[Event "Portugal Open 2019"]
[Site "Lisbon"]
[Date "2019.02.04"]
[Round "4.25"]
[White "Carrasco Martinez, Juan M."]
[Black "Reis, Luis Sousa"]
[Result "1-0"]
[WhiteElo "2380"]
[BlackElo "2146"]
[Annotator "TA"]
[PlyCount "69"]
[EventDate "2019.01.25"]
[EventType "swiss"]
[EventCountry "POR"]
[SourceTitle "playchess.com"]
[Source "ChessBase"]
[SourceQuality "1"]

{[%evp 11,69,43,40,21,29,36,24,24,26,25,36,31,39,13,56,53,69,37,59,38,64,55,59,59,74,32,84,79,96,51,76,0,9,2,193,45,63,58,53,53,53,79,74,57,49,54,61,52,127,110,134,68,213,172,316,322,734,733,697,681]} 1. e4 d5 2. exd5 Nf6 3. d4 Bg4 4. Be2 Bxe2 5. Qxe2 Qxd5 6. Nf3 e6 7. Nc3 {B01: Scandinavian Defence} (7. O-O {is more complex.} Nc6 8. Rd1 Qf5 9. c4 Bd6 10. Nc3) (7. c4 Bb4+ 8. Nc3 Qe4 9. Be3 O-O 10. O-O Bxc3 11. bxc3 Nbd7 12. Nd2 Qf5 13. Nb3 e5 14. h3 Rfe8 15. Rac1 {½-½ (25) Spraggett,K (2529)-Ferreira,J (2488) Mirandela 2015}) 7... Bb4 8. O-O Bxc3 9. bxc3 {[%cal Bb2c3,Bc3c4][%mdl 32] White has an edge.} O-O $146 ({Predecessor:} 9... Nc6 10. Re1 {1-0 (37) Proof,M (2386)-Bauer,R ICCF email 2006}) 10. Re1 Nc6 11. c4 Qa5 12. Bd2 ({Predecessor:} 12. Rb1 b6 13. Rb3 h6 14. h3 a6 {1-0 (37) Proof,M (2386)-Bauer,R ICCF email 2006}) 12... Qf5 13. Bc3 b6 14. Rab1 a6 15. a4 Rfd8 16. h3 h6 17. Rbd1 Rd6 18. Bb2 (18. g4 $5 {[%cal Rg4f5]} Qg6 19. Ne5 Nxe5 20. dxe5 {[%mdl 64] Discovered Attack} Rxd1 21. Qxd1 $14) 18... Nb4 ({Black should play} 18... Rad8 $14) 19. c3 $16 Nc6 20. Bc1 Rad8 21. Rd3 (21. g4 $16 Qa5 22. Bf4) 21... e5 $11 {White must now prevent ...e4.} 22. Nh4 Qh7 $2 (22... Qh5 $11 23. Qxh5 Nxh5) 23. d5 (23. Re3 $18) 23... e4 $1 $14 {[%cal Re4d3]} 24. Rg3 $36 {[%mdl 2048] White has the initiative.} Ne5 {Black wants to play ...Nd3.} 25. Bf4 Re8 26. Bxe5 Rxe5 27. Nf3 {[%mdl 64] [#] Pin} Re8 28. Nd4 Nd7 29. a5 bxa5 (29... Nc5 $14) 30. Qa2 $16 Ne5 {[#]} 31. Qxa5 (31. Rge3 $1 $16 {[%cal Re3e4]} Qg6 32. Rg3) 31... Rd7 (31... Rc8 $14) 32. Qxa6 $18 Rde7 (32... Rdd8 $142 33. Nc6 Nxc6) 33. c5 e3 $2 (33... g5 34. d6 Qg6) 34. Rgxe3 Qg6 35. Qxg6 {Accuracy: White = 60%, Black = 25%.} 1-0

[Event "Portugal Open 2019"]
[Site "Lisbon"]
[Date "2019.02.04"]
[Round "4.26"]
[White "Di Nicolantonio, Lucas"]
[Black "Ferreira, Hugo Miguel Da Cost"]
[Result "1-0"]
[WhiteElo "2364"]
[BlackElo "2136"]
[Annotator "RC"]
[PlyCount "39"]
[EventDate "2019.01.25"]
[EventType "swiss"]
[EventCountry "POR"]
[SourceTitle "playchess.com"]
[Source "ChessBase"]
[SourceQuality "1"]
[TimeControl "5400+30"]

1. f4 {[%emt 0:04:11]} b6 {[%emt 0:05:20]} 2. e4 {[%emt 0:05:13]} e5 {[%emt 0:00:08]} 3. Nf3 {[%emt 0:02:26]} exf4 {[%emt 0:02:46]} 4. Bc4 {[%emt 0:18:28]} Qe7 {[%emt 0:07:42]} 5. d4 {[%emt 0:08:20]} Qxe4+ {[%emt 0:04:00]} 6. Kf2 {[%emt 0:00:32]} Qf5 {[%emt 0:00:12]} 7. Re1+ {[%emt 0:10:36]} Be7 {[%emt 0:01:36]} 8. Nc3 {[%emt 0:00:45]} Bb7 {[%emt 0:08:32]} 9. Kg1 {[%emt 0:06:31]} Nc6 {[%emt 0:07:24]} 10. d5 {[%emt 0:03:46]} Nb4 {[%emt 0:05:16]} 11. Nd4 {[%emt 0:04:12]} Qg5 {[%emt 0:03:34]} 12. Nf3 {[%emt 0:04:52]} Qf5 {[%emt 0:04:24]} 13. a3 {[%emt 0:02:04]} Na6 {[%emt 0:02:37]} 14. Nd4 {[%emt 0:02:46]} Qf6 {[%emt 0:04:04]} 15. Ne4 {[%emt 0:01:14]} Qg6 {[%emt 0:00:31]} 16. Bd3 {[%emt 0:11:22]} Bxd5 {[%emt 0:02:27]} 17. Bxf4 {[%emt 0:01:16]} f5 {[%emt 0:09:37]} 18. Nxf5 {[%emt 0:03:59]} Qc6 {[%emt 0:05:23]} 19. Qe2 {[%emt 0:05:10]} Nc5 {[%emt 0:02:55]} 20. Nxe7 {[%emt 0:00:13]} 1-0

[Event "Portugal Open 2019"]
[Site "Lisbon"]
[Date "2019.02.04"]
[Round "4.27"]
[White "Tscharotschkin, Michael"]
[Black "Miedema, David"]
[Result "0-1"]
[WhiteElo "2178"]
[BlackElo "2356"]
[Annotator "TA"]
[PlyCount "60"]
[EventDate "2019.01.25"]
[EventType "swiss"]
[EventCountry "POR"]
[SourceTitle "playchess.com"]
[Source "ChessBase"]
[SourceQuality "1"]

{[%evp 9,60,-5,0,-27,-1,-2,-4,-4,10,6,18,-20,-28,-36,-36,-50,-44,-69,-58,-66,-50,-48,-39,-31,-37,-51,-38,-31,-7,-7,-5,-4,-5,-22,-27,-100,-96,-146,-150,-216,-220,-364,-366,-337,-352,-436,-420,-580,-590,-600,-555,-591,-576]} 1. d4 Nf6 ({Predecessor:} 1... d5 2. Bg5 {0-1 (44) Konenkin,D (2133)-Vilchenkov,N (2280) Serpukhov 2004}) 2. Bg5 d5 3. Nd2 c5 4. e3 cxd4 $146 (4... Nc6 5. Ngf3 cxd4 6. exd4 Bg4 7. c3 e6 8. Qb3 Qb6 9. Bf4 Nd7 10. Bd3 Be7 11. O-O Bh5 {0-1 (52) Artemiev,V (2709)-Giri,A (2783) St Petersburg 2018}) 5. exd4 Qb6 6. Bxf6 {D00: 1 d4 d5: Unusual lines} Qxf6 7. Ngf3 Nc6 8. c3 {The position is equal.} g5 ({Predecessor:} 8... g6 9. Bd3 Bg7 10. O-O O-O 11. Re1 Bf5 {0-1 (44) Konenkin,D (2133)-Vilchenkov,N (2280) Serpukhov 2004}) 9. Bb5 Qe6+ 10. Qe2 Qxe2+ 11. Kxe2 f6 12. h3 Bd7 13. Rae1 a6 14. Bd3 O-O-O 15. Kd1 Bg7 16. Nb3 e5 17. dxe5 fxe5 {aiming for ...e4.} 18. Nxg5 Rdf8 {Threatens to win with ...h6.} 19. Nc5 $1 e4 20. Be2 Rxf2 21. Ref1 Rxg2 22. Nf7 (22. Rf7 $11 Rxg5 23. Rxd7) 22... Rf8 $36 {[%mdl 2048] Black is in control.} 23. Nd6+ Kc7 24. Ndxb7 {[#]} (24. Nxd7 $17 Rxf1+ 25. Bxf1 Rxb2 26. Ne8+ Kxd7 27. Nxg7) 24... Bc8 $1 $19 25. Rxf8 (25. Rhg1 $142 Rxf1+ 26. Rxf1) 25... Bxf8 26. Rf1 Be7 ({Not} 26... Bxb7 27. Rxf8 Bc8 28. Rf7+ Kd6 29. b4 $11) 27. Bxa6 Bxb7 ({Weaker is} 27... Kb6 28. Rf7 $19) 28. Bxb7 Bxc5 {Black is clearly winning.} 29. Rf7+ Kb6 {Strongly threatening ...Ne5.} 30. b4 Be3 {Accuracy: White = 45%, Black = 69%.} 0-1